000 00900nam a2200253Ia 4500
003 OSt
005 20220923224646.0
006 a|||||r|||| 00| 0
007 ta
008 220922b |||||||| |||| 00| 0 hin d
024 _a248,610
037 _cTextual
040 _aARTS
_cARTS
_bhin
041 _2hin
_ahin
082 _aO152v, J5
100 _aद्विवेदी, हज़ारी प्रसाद
245 0 _aहिन्दी साहित्य
_b उसका उदभव और विकास
246 _aHindī sāhitya: usakā udabhav aur vikāsa
260 _aआगरा
_b कपूर एण्ड सन्स
_c1952
300 _a510पृ.
_ccm.
650 _aहिन्दी साहित्य
_9156264
942 _hO152v, J5
_cTEXL
_2CC
999 _c372778
_d372778